000 00483nam a2200169 4500
001 122557
003 ES-MaACL
005 20230906192012.0
007 t|
008 070214s1954 sp r ||||1| spa d
100 1 _aPueyo Longás, Antonio.
_994197
245 1 0 _aSed perfectos
_b: brevarios de ascética /
_cAntonio Pueyo Longás.
250 _a2ª. ed.
260 _aHuesca :
_b[s.n.],
_cImp. Iglesias.
300 _aVI, 180 p. ;
_c14 cm.
852 _aES-MaACL
_jD-8419
_bR.36037
999 _c122557
_d122557